[Event "Mittelfranken-chTB2a 1819"]
[Site "Mittelfranken"]
[Date "2019.04.28"]
[Round "9.6"]
[White "Koehl, Marko"]
[Black "Margraf, Christoph"]
[Result "1-0"]
[WhiteElo "1726"]
[BlackElo "1877"]
[PlyCount "91"]
[EventDate "2018.10.14"]
[EventType "team-tourn"]
[EventRounds "9"]
[EventCountry "GER"]
[SourceTitle "EXT 2022"]
[Source "ChessBase"]
[SourceDate "2021.10.06"]
[SourceVersion "1"]
[SourceVersionDate "2021.10.06"]
[SourceQuality "1"]
[WhiteTeam "Rothenburg II"]
[BlackTeam "Ansbach/Bad Windsheim"]
[WhiteTeamCountry "GER"]
[BlackTeamCountry "GER"]

1. e4 e5 2. Bc4 Nf6 3. Nf3 Nc6 4. d4 exd4 5. 0-0 Nxe4 6. Re1 d5 7. Bxd5 Qxd5 8. Nc3 Qa5 9. Nxe4 Be6 10. Bd2 Bb4 11. c3 dxc3 12. bxc3 Be7 13. c4 Qf5 14. Qb3 b6 15. Bc3 0-0 16. Ng3 Qc5 17. Re4 Qa3 18. Qc2 Nb4 19. Bxb4 Qxb4 20. Rae1 Rad8 21. Nd4 Bc5 22. Nc6 Qd2 23. R4e2 Qxc2 24. Rxc2 Rd6 25. Nxa7 Rd4 26. Rec1 Rfd8 27. Kf1 Ba3 28. Nb5 Bxc1 29. Nxd4 Rxd4 30. Rxc1 Bxc4+ 31. Ke1 b5 32. Nf5 Re4+ 33. Ne3 Bxa2 34. Rxc7 g6 35. Kd2 Be6 36. Kc3 b4+ 37. Kb2 Kg7 38. Rb7 b3 39. Kc3 Ra4 40. Nd1 Rc4+ 41. Kd3 Rc1 42. Kd2 Rc2+ 43. Kd3 Rc5 44. Rb4 Rd5+ 45. Ke2 Bg4+ 46. Rxg4 1-0

[Event "Mittelfranken-chTB2a 1718"]
[Site "Mittelfranken"]
[Date "2018.05.06"]
[Round "9.8"]
[White "Koehl, Marko"]
[Black "Stoll, Tobias"]
[Result "1/2-1/2"]
[WhiteElo "1698"]
[BlackElo "1615"]
[PlyCount "55"]
[EventDate "2017.10.08"]
[EventType "team-tourn"]
[EventRounds "9"]
[EventCountry "GER"]
[SourceTitle "EXT 2022"]
[Source "ChessBase"]
[SourceDate "2021.10.06"]
[SourceVersion "1"]
[SourceVersionDate "2021.10.06"]
[SourceQuality "1"]
[WhiteTeam "Rothenburg II"]
[BlackTeam "Cadolzburg"]
[WhiteTeamCountry "GER"]
[BlackTeamCountry "GER"]

1. e4 e6 2. d4 d5 3. exd5 exd5 4. Bd3 Nf6 5. Bg5 Be7 6. Nf3 0-0 7. 0-0 Bg4 8. Nbd2 Nbd7 9. c3 Re8 10. Qc2 h6 11. Bh4 c6 12. Rae1 Qc7 13. h3 Be6 14. Re3 Nh5 15. Bxe7 Rxe7 16. Ne5 Nhf6 17. f4 Nxe5 18. dxe5 Qb6 19. Rfe1 d4 20. cxd4 Nd5 21. Nb3 Nxe3 22. Rxe3 Bxb3 23. axb3 Qxd4 24. Qf2 Rd8 25. Kh2 Qb6 26. Qg3 Red7 27. e6 fxe6 28. Bc4 1/2-1/2

[Event "Mittelfranken-chTB1 1617"]
[Site "Mittelfranken"]
[Date "2017.02.12"]
[Round "6.8"]
[White "Hinzmann, Alexander"]
[Black "Koehl, Marko"]
[Result "0-1"]
[WhiteElo "1703"]
[BlackElo "1645"]
[PlyCount "98"]
[EventDate "2016.10.23"]
[EventType "team-tourn"]
[EventRounds "9"]
[EventCountry "GER"]
[SourceTitle "EXT 2022"]
[Source "ChessBase"]
[SourceDate "2021.10.06"]
[SourceVersion "1"]
[SourceVersionDate "2021.10.06"]
[SourceQuality "1"]
[WhiteTeam "Fuerth SF"]
[BlackTeam "Rothenburg"]
[WhiteTeamCountry "GER"]
[BlackTeamCountry "GER"]

1. d4 b6 2. c4 Bb7 3. Nc3 e6 4. e4 Bb4 5. Bd3 Nf6 6. Qe2 d6 7. Nf3 Nbd7 8. Bd2 Qe7 9. 0-0 c5 10. d5 a6 11. a3 Bxc3 12. Bxc3 e5 13. b4 0-0 14. Rfb1 Bc8 15. bxc5 Nxc5 16. Rxb6 Na4 17. Rb3 Nc5 18. Rbb1 Nh5 19. Bc2 Bg4 20. h3 Nf4 21. Qe3 Bxh3 22. gxh3 Qf6 23. Kh2 Qh6 24. Ne1 Nd7 25. Ng2 Nf6 26. Nxf4 Ng4+ 27. Kg3 Nxe3 28. fxe3 exf4+ 29. exf4 Qg6+ 30. Kf3 Qh5+ 31. Kf2 Qxh3 32. Bd2 Qc8 33. Bd3 Rb8 34. Rh1 Rb2 35. Ke3 Rb3 36. Rac1 Qc5+ 37. Ke2 Qd4 38. Rh3 Rxa3 39. Bb4 Ra2+ 40. Bd2 Rb8 41. Rd1 Rbb2 42. e5 Qxf4 43. Bxh7+ Kf8 44. Re3 Qxc4+ 45. Rd3 Qg4+ 46. Rf3 Rxd2+ 47. Rxd2 Rxd2+ 48. Kxd2 Qxf3 49. exd6 Qxd5+ 0-1

[Event "Mittelfranken-chTB2a 1617"]
[Site "Mittelfranken"]
[Date "2016.11.13"]
[Round "2.8"]
[White "Classen, Andrej"]
[Black "Koehl, Marko"]
[Result "1-0"]
[WhiteElo "1756"]
[BlackElo "1645"]
[PlyCount "83"]
[EventDate "2016.10.23"]
[EventType "team-tourn"]
[EventRounds "9"]
[EventCountry "GER"]
[SourceTitle "EXT 2022"]
[Source "ChessBase"]
[SourceDate "2021.10.06"]
[SourceVersion "1"]
[SourceVersionDate "2021.10.06"]
[SourceQuality "1"]
[WhiteTeam "Buechenbach/Roth II"]
[BlackTeam "Rothenburg II"]
[WhiteTeamCountry "GER"]
[BlackTeamCountry "GER"]

1. e4 e5 2. Nf3 Nc6 3. Bc4 Nf6 4. d3 Bc5 5. 0-0 d6 6. Nc3 Bg4 7. Na4 Nd4 8. Nxc5 Bxf3 9. gxf3 dxc5 10. c3 Nc6 11. Be3 Qd6 12. Qe2 Nh5 13. Rad1 0-0-0 14. Bxf7 Nf4 15. Bxf4 exf4 16. Bd5 Ne5 17. d4 cxd4 18. cxd4 Ng6 19. Kh1 Rhe8 20. Bf7 Rf8 21. e5 Qe7 22. Bc4 Rf5 23. Rg1 Rh5 24. Rg4 Rh4 25. Bd3 Kb8 26. Be4 Qe6 27. a3 Rxg4 28. fxg4 Nh4 29. f3 h6 30. Qc2 Qa6 31. d5 Qb6 32. Rd3 Qb5 33. a4 Qb4 34. Rd1 a5 35. b3 g5 36. Rc1 Rd7 37. d6 c5 38. Qxc5 Qd2 39. Qc8+ Ka7 40. Qc5+ Kb8 41. Qc2 Nxf3 42. Bxf3 1-0

[Event "Forchheim op-B 15th"]
[Site "Forchheim"]
[Date "2016.10.02"]
[Round "4"]
[White "Kirchner, Markus"]
[Black "Koehl, Marko"]
[Result "0-1"]
[WhiteElo "1704"]
[BlackElo "1544"]
[PlyCount "42"]
[EventDate "2016.10.01"]
[EventType "swiss"]
[EventRounds "5"]
[EventCountry "GER"]
[SourceTitle "EXT 2019"]
[Source "ChessBase"]
[SourceDate "2018.10.10"]
[SourceVersion "1"]
[SourceVersionDate "2018.10.10"]
[SourceQuality "1"]

1. e4 b6 2. d4 Bb7 3. Nc3 e6 4. Nf3 Bb4 5. Bd3 d5 6. exd5 Bxc3+ 7. bxc3 Bxd5 8. 0-0 Ne7 9. Re1 Nd7 10. Be3 0-0 11. c4 Bb7 12. c3 Rc8 13. Qe2 Re8 14. Rad1 Ng6 15. Bg5 Bxf3 16. Qxf3 Qxg5 17. g3 Qf6 18. Qg2 c6 19. Re3 Qe7 20. Rde1 Nf6 21. c5 bxc5 0-1

[Event "Forchheim op-B 15th"]
[Site "Forchheim"]
[Date "2016.10.02"]
[Round "3"]
[White "Koehl, Marko"]
[Black "Zirlik, Rudi"]
[Result "0-1"]
[WhiteElo "1544"]
[BlackElo "1873"]
[PlyCount "66"]
[EventDate "2016.10.01"]
[EventType "swiss"]
[EventRounds "5"]
[EventCountry "GER"]
[SourceTitle "EXT 2019"]
[Source "ChessBase"]
[SourceDate "2018.10.10"]
[SourceVersion "1"]
[SourceVersionDate "2018.10.10"]
[SourceQuality "1"]

1. e4 c5 2. Nf3 d6 3. d4 cxd4 4. Nxd4 Nc6 5. Bb5 Bd7 6. 0-0 Nf6 7. Nc3 g6 8. f4 Qb6 9. Bxc6 bxc6 10. Kh1 Bg7 11. e5 dxe5 12. fxe5 Ng4 13. e6 fxe6 14. Qxg4 Qxd4 15. Qxd4 Bxd4 16. Ne4 Rb8 17. c3 Bg7 18. Rb1 Rb5 19. c4 Rf5 20. Rd1 Rhf8 21. Be3 Re5 22. Nc5 Rxe3 23. Rxd7 Rf5 24. Rd3 Re2 25. b4 Rff2 26. Rg3 Rb2 27. Rd1 Rfd2 28. Rf1 Re2 29. Nd3 Rxa2 30. h3 Rac2 31. Nf4 Re4 32. Ra3 Rcxc4 33. Nd3 Re3 0-1